| 000 | 02239nam a22003737a 4500 | ||
|---|---|---|---|
| 003 | DO-SdBNP | ||
| 005 | 20240528102200.0 | ||
| 007 | ta | ||
| 008 | 220131b2019 dr ad||| |||| 00| 0 spa d | ||
| 020 | _a9789945904116 | ||
| 040 |
_aDO-SdBNP _bspa _cBNPHU |
||
| 082 | 4 |
_a342.7293 _bF363e _222 |
|
| 100 | 1 |
_aFernández Vidal, Shyam David _981046 |
|
| 245 | 1 | 0 |
_aEstado y constitución : _bderechos sociales y la reelección presidencial / _cShyam David Fernández Vidal, Tiaggo Marrero Peralto, Amaury A. Reyes-Torres, Manuel Alejandro Rodriguez ; presentación y colección dirigida por Ramonina Brea ; edición al cuidado de Brennedy Acevedo, Betzaida Calzado. |
| 260 |
_aSanto Domingo : _bPontificia Universidad Católica Madre y Maestra, _bCentro Universitario de Estudios Políticos y Sociales (CUEPS), _c2019. |
||
| 300 |
_a226 p ; _bil., gráf. ; _c23 cm. |
||
| 490 | _aCiudadanía y políticas públicas | ||
| 500 | _aIncluye referencias bibliográficas y notas al pie de las páginas. | ||
| 500 | _aIncluye bibliografía al final de los capítulos. | ||
| 500 | _aIncluye datos de los autores. | ||
| 505 |
_aPresentación -- _t Garantía de los derechos sociales fundamentales en la Constitución dominicana / _rAmaury A. Reyes-Torres -- _tEl transporte público de pasajeros: ¿Un derecho constitucionalmente protegido? / _rThiaggo Marrero Peralta -- _tEl acceso al agua en la República Dominicana : servicio público y derecho fundamental / _rManuel Alejandro Rodríguez -- _tHoy por mí, mañana por mí: reelección presidencial y cambios constitucionales en la República Dominicana desde la óptica del análisis económico del derecho / _rShyam David Fernández Vidal -- |
||
| 590 | _aInventariado, 2022 /LP | ||
| 650 | 0 |
_aEstado _9726 |
|
| 651 | 4 |
_aRepública Dominicana _xDerecho constitucional _99303 |
|
| 700 | 1 |
_aMarrero Peralta, Thiaggo _981047 |
|
| 700 | 1 |
_aReyes-Torres, Amaury A. _981048 |
|
| 700 | 1 |
_aRodríguez, Manuel Alejandro _981049 |
|
| 700 | 1 |
_aBrea, Ramonina _98319 |
|
| 700 | 1 |
_aAcevedo, Brennedy, _ded. _981050 |
|
| 700 | 1 |
_aCalzado, Betzaida, _ded. _981051 |
|
| 830 |
_aCiudadanía y políticas públicas _919938 |
||
| 910 | _a Lopérez./Validado. Control de calidad MFF | ||
| 942 |
_2ddc _cLBS1 |
||
| 999 |
_c51261 _d51261 |
||